[Event "FAI-ch Almenni"]
[Site "Faroe Islands"]
[Date "2012.04.05"]
[Round "7"]
[White "Hojgaard, Brandur"]
[Black "Thomsen, Ala Jakup"]
[Result "1/2-1/2"]
[WhiteElo "1687"]
[BlackElo "1098"]
[PlyCount "110"]
[EventDate "2012.03.31"]
[EventType "swiss"]
[EventRounds "9"]
[EventCountry "FAI"]
[SourceTitle "EXT 2013"]
[Source "ChessBase"]
[SourceDate "2012.11.22"]
[SourceVersion "1"]
[SourceVersionDate "2012.11.22"]
[SourceQuality "1"]

1. d4 d5 2. c4 dxc4 3. e4 b5 4. Nc3 a6 5. a4 Bb7 6. d5 Nf6 7. f3 e6 8. axb5 exd5 9. exd5 axb5 10. Rxa8 Bxa8 11. Nxb5 Bb4+ 12. Nc3 Bxc3+ 13. bxc3 Qxd5 14. Qe2+ Qe6 15. Qxe6+ fxe6 16. Bxc4 Bd5 17. Bd3 Nbd7 18. Ne2 0-0 19. 0-0 Ra8 20. Be3 Ne5 21. Bb1 Nc4 22. Bg5 h6 23. Bf4 c5 24. Re1 g5 25. Bg3 Nd2 26. Bf2 Bxf3 27. gxf3 Nxf3+ 28. Kf1 Nxe1 29. Bxe1 Ra1 30. Bd3 Ng4 31. h3 Ne3+ 32. Kf2 Nf5 33. Bd2 Rd1 34. Bxf5 exf5 35. Be3 Rd5 36. Kf3 Rd3 37. Kf2 c4 38. h4 f4 39. Bd4 Rd2 40. Ke1 Rd3 41. hxg5 hxg5 42. Kf2 Kf7 43. Ng1 Ke6 44. Nf3 g4 45. Ne5 g3+ 46. Ke2 Rxd4 47. cxd4 Kd5 48. Nf3 Ke4 49. Nd2+ Kxd4 50. Kf3 Kd3 51. Ne4 g2 52. Nf2+ Kd2 53. Kxg2 c3 54. Ne4+ Kd3 55. Nxc3 Kxc3 1/2-1/2

[Event "FAI-ch Almenni"]
[Site "Faroe Islands"]
[Date "2012.04.01"]
[Round "2"]
[White "Fjallheim, Elmar Reinert"]
[Black "Thomsen, Ala Jakup"]
[Result "1-0"]
[WhiteElo "1439"]
[BlackElo "1098"]
[PlyCount "53"]
[EventDate "2012.03.31"]
[EventType "swiss"]
[EventRounds "9"]
[EventCountry "FAI"]
[SourceTitle "EXT 2013"]
[Source "ChessBase"]
[SourceDate "2012.11.22"]
[SourceVersion "1"]
[SourceVersionDate "2012.11.22"]
[SourceQuality "1"]

1. e4 e5 2. Nf3 Nc6 3. d4 exd4 4. Nxd4 Nxd4 5. Qxd4 Qh4 6. Nc3 Nf6 7. Be3 b6 8. 0-0-0 Bc5 9. Qe5+ Be7 10. g3 Qh5 11. Qxc7 Ng4 12. Be2 Qg6 13. Qf4 Nxe3 14. Qxe3 0-0 15. Nd5 Bd8 16. f4 Re8 17. Bf3 Qe6 18. Kb1 Bb7 19. e5 Kh8 20. Qd3 Rb8 21. Rhe1 Bxd5 22. Bxd5 Qh3 23. Bxf7 Re7 24. Bb3 g6 25. Qd6 Rc8 26. Qf6+ Rg7 27. Qf8+ 1-0

[Event "FAI-ch Almenni"]
[Site "Faroe Islands"]
[Date "2012.04.01"]
[Round "3"]
[White "Thomsen, Ala Jakup"]
[Black "Mortensen, Herluf"]
[Result "0-1"]
[WhiteElo "1098"]
[BlackElo "1824"]
[PlyCount "106"]
[EventDate "2012.03.31"]
[EventType "swiss"]
[EventRounds "9"]
[EventCountry "FAI"]
[SourceTitle "EXT 2013"]
[Source "ChessBase"]
[SourceDate "2012.11.22"]
[SourceVersion "1"]
[SourceVersionDate "2012.11.22"]
[SourceQuality "1"]

1. e4 d5 2. e5 e6 3. d4 c5 4. Bb5+ Nc6 5. c3 Bd7 6. Nf3 Nxe5 7. Bxd7+ Nxd7 8. dxc5 Bxc5 9. Qa4 Ne7 10. Ne5 a6 11. Qxd7+ Qxd7 12. Nxd7 Kxd7 13. b4 Bd6 14. a4 Rhc8 15. 0-0 Be5 16. Bb2 Rc7 17. Ra3 Rac8 18. Re1 Bf6 19. f4 g6 20. g4 Nc6 21. g5 Bg7 22. Re3 Nxb4 23. Rh3 Rh8 24. Rb3 Nc6 25. Rd3 Na5 26. Rb6 Nc4 27. Rb3 Nxb2 28. Rxb2 h6 29. Rf3 Kc8 30. Rb3 Kb8 31. Rf2 Rhc8 32. Rf3 h5 33. h4 Rc4 34. Rb4 a5 35. Rb5 Rxa4 36. Rf2 Bxc3 37. Nxc3 Rxc3 38. Rfb2 Rc7 39. Rb6 Ka7 40. R6b5 Kb8 41. Rb6 Rac4 42. R6b5 Rc1+ 43. Kf2 R1c2+ 44. Rxc2 Rxc2+ 45. Ke3 Rc4 46. Rxa5 b6 47. Rb5 Kc7 48. Rb3 e5 49. fxe5 Rxh4 50. Rc3+ Kb7 51. Rc1 Re4+ 52. Kf3 Rxe5 53. Kf4 Rf5+ 0-1